| 000 | 01490camaa22003972i 4500 | ||
|---|---|---|---|
| 001 | 14718570 | ||
| 003 | EG-GICUC | ||
| 005 | 20260625151830.0 | ||
| 008 | 070131s2007 inua jrb 001 0 eng | ||
| 020 | _a9780672329487 | ||
| 040 |
_aDLC _cDLC _dBAKER _dC#P _dBTCTA _dYDXCP _dIXA _dUKM _dDLC _dEG-GICUC _beng _erda |
||
| 050 | 0 | 0 |
_aQA76.76.A65 _bW59 2007 |
| 082 | 0 | 0 |
_a005.4/46 _221 _bM4599 |
| 092 | 0 | 4 |
_221 _a005.4/46 _bM4599 |
| 099 | _a005.4/46 M4599 | ||
| 100 | 1 |
_a McMurtry, Craig. _eAuthor. |
|
| 245 | 0 | 0 |
_aWindows communication foundation : _bunleashed / _cCraig McMurtry, Marc Mercuri, Nigel Watling, Matt Winkler. |
| 264 |
_aIndianapolis, Ind. : _bSams, _cc2007. |
||
| 300 |
_axiii, 699 pages : _billustrations; _c23 cm. |
||
| 336 |
_atext _btxt _2rdacontent |
||
| 337 |
_aunmediated _bn _2rdamedia |
||
| 338 |
_avolume _bnc _2rdacarrier |
||
| 504 | _aIncludes bibliographical references and index. | ||
| 541 |
_aوزارة الثقافة ؛ _bالقاهرة ؛ _cإهداء ؛ _d2023. |
||
| 630 | 0 | 0 | _aMicrosoft Windows (Computer file) |
| 650 | 0 |
_aApplication software _xDevelopment. _2qrmak |
|
| 650 | 0 |
_aElectronic data processing _xDistributed processing. _2qrmak |
|
| 650 | 0 |
_aWeb services. _2qrmak |
|
| 651 | 1 | _2qrmak | |
| 700 | 1 |
_aMcMurtry, Craig. _eAuthor. |
|
| 700 | 1 |
_aMarc Mercuri _eAuthor. |
|
| 700 | 1 |
_aNigel Watling _eAuthor. |
|
| 856 | 4 | 1 |
_3Table of contents only _uhttp://www.loc.gov/catdir/toc/ecip0710/2007004268.html |
| 905 | _aSamah | ||
| 942 |
_2ddc _cBK _e21 _n0 |
||
| 999 |
_c180625 _d180625 |
||